Roman roads in Judaea. I : the Legio-Scythopolis road /

محفوظ في:

المؤلف الرئيسي: Isaac, Benjamin H. (مؤلف)

مؤلفون آخرون: Roll, Israel.

التنسيق: كتاب

اللغة: English

منشور في: Oxford, England : B.A.R., 1982.

سلاسل: BAR international series ; 141.

الموضوعات:

الوسوم: إضافة وسم

لا توجد وسوم, كن أول من يضع وسما على هذه التسجيلة!

رقم الطلب: DG28.5 .I83 v.1

LEADER 00838namaa2200265 4500
001 22220
003 OSt
005 20260111140644.0
008 130303s1982 enka g 000 0 eng d
020 |a 086054172X 
043 |a a-is--- 
050 |a DG28.5   |b .I83 v.1 
100 1 |a Isaac, Benjamin H.,  |e author. 
245 1 0 |a Roman roads in Judaea. I :   |b the Legio-Scythopolis road /   |c Benjamin Isaac and Israel Roll. 
264 1 |a Oxford, England :   |b B.A.R.,   |c 1982. 
300 |a xi, 142 pages, [1] folded leaf :   |b illustrations, maps ;   |c 30 cm. 
490 1 |a BAR international series ;   |v 141. 
555 |a Sara.lib 
650 0 |a Roads, Roman  |z Palestine. 
650 0 |a Milestones  |z Israel.  |9 10786 
700 1 |a Roll, Israel.  |9 38619 
830 0 |a BAR international series ;  |v 141. 
901 |a reviewed 
942 |c BK  |2 lcc 
999 |c 20819  |d 20819